[Event "MNT-chT1"]
[Site "Podgorica"]
[Date "2007.09.16"]
[Round "3"]
[White "Marsenic, Dusko"]
[Black "Mihaljevic, Mitar"]
[Result "0-1"]
[WhiteElo "1950"]
[BlackElo "2105"]
[PlyCount "120"]
[EventDate "2007.08.26"]
[EventType "team-tourn"]
[EventRounds "9"]
[EventCountry "MNE"]
[SourceTitle "EXT 2009"]
[Source "ChessBase"]
[SourceDate "2008.11.26"]
[SourceVersion "1"]
[SourceVersionDate "2008.11.26"]
[SourceQuality "1"]

1. e4 e5 2. Nf3 Nc6 3. Bc4 Be7 4. c3 Nf6 5. d3 0-0 6. Be3 d5 7. exd5 Nxd5 8. 0-0 Bf5 9. Re1 a6 10. a3 b5 11. Ba2 Nxe3 12. Rxe3 e4 13. Ne1 Bg5 14. Rg3 Bf4 15. Qh5 Bg6 16. Rxg6 hxg6 17. Qxg6 e3 18. d4 Qh4 19. g3 exf2+ 20. Kxf2 Qxh2+ 21. Ng2 Bd6 22. Nd2 Rae8 23. Ne4 Kh8 24. Qf5 Re6 25. Qf3 Rg6 26. Re1 Nd8 27. d5 Bc5+ 28. Ke2 Nb7 29. Kd1 Rh6 30. Bb1 Qh5 31. Qxh5 Rxh5 32. Nf4 Rh2 33. Nxc5 Nxc5 34. Bc2 g5 35. Ne2 Rd8 36. Kc1 Rxd5 37. Nd4 Kg7 38. b4 Ne6 39. Bb3 Nxd4 40. Bxd5 Ne2+ 41. Kc2 Nf4+ 42. Kb3 Nxd5 43. Re5 Nb6 44. c4 Na4 45. cxb5 axb5 46. Rxg5+ Kf6 47. Rxb5 Nb6 48. Rc5 Rg2 49. Rc3 Ke5 50. a4 f5 51. a5 Nd5 52. Rc5 Rxg3+ 53. Kc4 Rg4+ 54. Kb3 Rxb4+ 55. Ka3 Rb8 56. a6 f4 57. a7 Ra8 58. Ra5 f3 59. Kb3 f2 60. Ra1 Ne3 0-1

[Event "Bar op"]
[Site "Bar"]
[Date "2007.03.30"]
[Round "1"]
[White "Stojanovic, Dalibor"]
[Black "Mihaljevic, Mitar"]
[Result "1-0"]
[WhiteElo "2464"]
[BlackElo "2089"]
[PlyCount "69"]
[EventDate "2007.03.30"]
[EventType "swiss"]
[EventRounds "9"]
[EventCountry "YUG"]
[SourceTitle "CBM 117 Extra"]
[Source "ChessBase"]
[SourceDate "2007.05.09"]
[SourceVersion "1"]
[SourceVersionDate "2007.05.09"]
[SourceQuality "1"]

1. e4 e5 2. Nf3 Nf6 3. Nxe5 d6 4. Nf3 Nxe4 5. Nc3 Nxc3 6. dxc3 Be7 7. Bf4 0-0 8. Qd2 Nc6 9. 0-0-0 Be6 10. Kb1 a6 11. Bd3 b5 12. Be4 Qe8 13. Nd4 Nxd4 14. Bxa8 Nc6 15. Bb7 a5 16. Qe2 Nd8 17. Bf3 Bc4 18. Qd2 b4 19. b3 bxc3 20. Qxc3 Be6 21. Qxc7 a4 22. Bxd6 axb3 23. axb3 Bxd6 24. Rxd6 Bf5 25. Rxd8 Qxd8 26. Qxd8 Rxd8 27. Rd1 Rb8 28. Kb2 h6 29. c4 Bg6 30. Kc3 Kh7 31. Rd2 Re8 32. b4 Re1 33. Rd1 Re7 34. b5 f5 35. b6 1-0

[Event "Bar Sozina op"]
[Site "Bar"]
[Date "2006.03.18"]
[Round "1"]
[White "Mihaljevic, Mitar"]
[Black "Kalezic, Blazo"]
[Result "0-1"]
[WhiteElo "2112"]
[BlackElo "2435"]
[PlyCount "42"]
[EventDate "2006.03.18"]
[EventType "swiss"]
[EventRounds "9"]
[EventCountry "YUG"]
[SourceTitle "CBM 111 Extra"]
[Source "ChessBase"]
[SourceDate "2006.05.09"]
[SourceVersion "1"]
[SourceVersionDate "2006.05.09"]
[SourceQuality "1"]

1. e4 e6 2. d4 d5 3. Nc3 Nf6 4. Bd3 c5 5. exd5 exd5 6. Qe2+ Be7 7. dxc5 0-0 8. Bg5 h6 9. Bh4 Nc6 10. 0-0-0 Be6 11. Nf3 Re8 12. Qd2 Qa5 13. Bb5 a6 14. Bxc6 bxc6 15. Nd4 Bd7 16. Nb3 Qc7 17. Rhe1 a5 18. a4 Bf5 19. Bg3 Qb7 20. f3 Bg6 21. Kb1 Qxb3 0-1